Správne delikty subjektov finančného trhu bakalárska práca

Gespeichert in:
Bibliographische Detailangaben
1. Verfasser: Móresová, Simoneta
Körperschaften: Ekonomická univerzita v Bratislave. Národohospodárska fakulta, Univerzita Komenského v Bratislave. Právnická fakulta
Weitere Verfasser: Daudrikh, Yana
Format: Buch
Sprache:Slowakisch
Veröffentlicht: Bratislava 2018
Tags: Tag hinzufügen
Keine Tags, Fügen Sie das erste Tag hinzu!

MARC

LEADER 00000nbm a2200000 4500
001 0245967
005 20181214092845.9
041 0 |a slo 
044 |a SK 
245 1 0 |a Správne delikty subjektov finančného trhu  |b bakalárska práca  |c Simoneta Móresová ; školiteľ: Yana Daudrikh 
264 1 |a Bratislava  |c 2018 
300 |a 45 s. 
100 1 |a Móresová, Simoneta 
700 1 |a Daudrikh, Yana 
710 2 |a Ekonomická univerzita v Bratislave. Národohospodárska fakulta 
710 2 |a Univerzita Komenského v Bratislave. Právnická fakulta